Parallel Processing for Supercomputers and Artificial Intelligence

Đã lưu trong:
书目详细资料
格式: Sách giấy
语言:English
出版: Singapore : McGraw-Hill, 1989
标签: 添加标签
没有标签, 成为第一个标记此记录!
Thư viện lưu trữ: Thư viện Trường Đại học Đà Lạt
LEADER 00548nam a2200229 4500
001 DLU020000245
005 ##12/12/1998
020 # # |a 0-07-100749-0 
041 # # |a eng 
082 # # |a 004.35  |b Par 
245 # # |a Parallel Processing for Supercomputers and Artificial Intelligence 
260 # # |a Singapore :  |b McGraw-Hill,  |c 1989 
300 # # |a X, 673 tr.;  |c 23 cm. 
992 # # |a 289000 
994 # # |a DLU 
900 # # |a False 
911 # # |a Administrator 
925 # # |a G 
926 # # |a A 
927 # # |a SH 
980 # # |a Thư viện Trường Đại học Đà Lạt